[Event "POL-chT4 Kujawsko Pomorskie 0910"]
[Site "Poland"]
[Date "2010.01.10"]
[Round "5.23"]
[White "Bolibok, Adam"]
[Black "Kaczmarczyk, Pawel"]
[Result "1-0"]
[WhiteElo "1762"]
[BlackElo "1602"]
[PlyCount "73"]
[EventDate "2009.11.08"]
[EventType "team-swiss"]
[EventRounds "11"]
[EventCountry "POL"]
[SourceTitle "EXT 2020"]
[Source "ChessBase"]
[SourceDate "2019.10.17"]
[SourceVersion "1"]
[SourceVersionDate "2019.10.17"]
[SourceQuality "1"]

1. e4 c6 2. Nc3 d5 3. d4 dxe4 4. Nxe4 Bf5 5. Ng3 Bg6 6. Nf3 Nd7 7. Bc4 e6 8. Bf4 Qa5+ 9. c3 0-0-0 10. 0-0 Ngf6 11. b4 Qa3 12. Ne2 Nb6 13. Bc1 Qa4 14. Bb3 Qa6 15. Bc2 Bd6 16. Bf4 Nc4 17. Bxd6 Nxd6 18. Ne5 Qb6 19. Bd3 Nd7 20. Nxd7 Rxd7 21. Nf4 Nf5 22. Qf3 Qc7 23. Rfe1 Ne7 24. a4 Nd5 25. Ne2 Bxd3 26. Qxd3 Nf4 27. Qf3 Nxe2+ 28. Rxe2 h5 29. Qe3 Rd5 30. c4 Rf5 31. b5 Qf4 32. bxc6 bxc6 33. Qc3 Rd8 34. d5 exd5 35. cxd5 Rfxd5 36. Qxc6+ Qc7 37. Qa8+ 1-0